Normal view
MARC view
Entry Personal Name
001 - CONTROL NUMBER
- control field: 238853
003 - CONTROL NUMBER IDENTIFIER
- control field: OSt
005 - DATE AND TIME OF LATEST TRANSACTION
- control field: 20250916152645.0
008 - FIXED-LENGTH DATA ELEMENTS
- fixed length control field: 250916|| aca||aabn | a|a d
040 ## - CATALOGING SOURCE
- Original cataloging agency: OSt
- Transcribing agency: OSt
100 ## - HEADING--PERSONAL NAME
- Personal name: GOPALA SHETTY (U)
- Dates associated with a name: ಗೋಪಾಲ ಶೆಟ್ಟಿ (ಯು)
670 ## - SOURCE DATA FOUND
- Source citation: Work cat.: (OSt)214855: GOPALA SHETTY (U) ಗೋಪಾಲ ಶೆಟ್ಟಿ (ಯು) , Joklena natakolu: Devere daye bokka sattyada sadi, 2003